000
00333nam a2200133Ia 4500
008
240624s9999 xx 000 0 und d
041
_a
eng
082
_a
658 DRU
100
_a
DRUCKER PETER F
245
_a
MANAGING FOR RESULTS
260
_c
2002
_a
New Delhi
_b
Allied Publishers
300
_a
xii, : 240 : p. ; 18cm.
365
_c
RS
_b
30
999
_c
4326
_d
4326